01031 a2200229 4500003000500000005001700005010001600022020001500038035002000053040000900073082002000082100002000102245009000122260003700212300003500249505027200284650004700556650002100603650001900624856008500643856007300728Nust20230908120929.0 a 95081167 c0071141413 a(OCoLC)34275671 cNust00a658.4038011,DEW1 aDewitz, Sandra.10aSystems analysis and design and the transition to objects /cSandra Donaldson Dewitz. aNew York :bMcGraw-Hill ;c1996. axvii, 557 p. :bill. ;c24 cm. aPART-1: An Overview of Systems Development )Page-1), PART-2: Preliminary Investigation and Analysis (Page-125), PART-3: Interactive Analysis, Design, Primary Construction and Review (Page-273), PART-4: Final Construction, Testing, Installation, and Review (Page-477). 0aObject-oriented methods (Computer science) 0aSystem analysis. 0aSystem design.423Publisher descriptionuhttp://www.loc.gov/catdir/description/mh022/95081167.html423Table of contentsuhttp://www.loc.gov/catdir/toc/mh022/95081167.html